The Hobbit Chapters - Statistics

General Stats
  • This quiz has been taken 38 times
  • The average score is 9 of 19
Answer Stats
Hint Answer % Correct
5 Riddles in the Dark
94%
1 An Unexpected Party
88%
6 Out of the Frying Pan and Into the Fire
65%
8 Flies and Spiders
59%
7 Queer Lodgings
53%
2 Roast Mutton
53%
17 The Clouds Burst
47%
9 Barrels Out of Bond
41%
14 Fire and Water
41%
11 On the Doorstep
41%
3 A Short Rest
35%
16 A Thief in the Night
35%
10 A Warm Welcome
35%
13 Not at Home
35%
12 Inside Information
29%
4 Over Hill and Under Hill
29%
15 The Gathering of the Clouds
29%
19 The Last Stage
29%
18 The Return Journey
29%
No matching quizzes found
Score Distribution
Percent of People with Each Score
Percentile by Number Answered
Your Score History
You have not taken this quiz